Cytochrome P450. (Record no. 3979)

MARC details
000 -LEADER
fixed length control field 00578nam a22002057a 4500
003 - CONTROL NUMBER IDENTIFIER
control field OSt
005 - DATE AND TIME OF LATEST TRANSACTION
control field 20160511130314.0
008 - FIXED-LENGTH DATA ELEMENTS--GENERAL INFORMATION
fixed length control field 160511b xxu||||| |||| 00| 0 eng d
020 ## - INTERNATIONAL STANDARD BOOK NUMBER
International Standard Book Number 0306451417
040 ## - CATALOGING SOURCE
Transcribing agency DDC.
082 ## - DEWEY DECIMAL CLASSIFICATION NUMBER
Classification number 574.19CYT 1999.
100 ## - MAIN ENTRY--PERSONAL NAME
Personal name Ortiz de Montellano,R.Paul;
9 (RLIN) 8705
245 ## - TITLE STATEMENT
Title Cytochrome P450.
Remainder of title Structure,Mechanism and Biochemistry.
250 ## - EDITION STATEMENT
Edition statement 2nd ed.
260 ## - PUBLICATION, DISTRIBUTION, ETC. (IMPRINT)
Place of publication, distribution, etc. New York.
Name of publisher, distributor, etc. Kluwer Academic/Plenum Publisher.
Date of publication, distribution, etc. 1999.
300 ## - PHYSICAL DESCRIPTION
Extent xii,652p;
Other physical details ill;
Dimensions 24cm.
504 ## - BIBLIOGRAPHY, ETC. NOTE
Bibliography, etc includes index.
650 ## - SUBJECT ADDED ENTRY--TOPICAL TERM
Topical term or geographic name as entry element Biochemistry.
9 (RLIN) 443
942 ## - ADDED ENTRY ELEMENTS (KOHA)
Source of classification or shelving scheme Dewey Decimal Classification
Koha item type Short Loan
Holdings
Withdrawn status Lost status Source of classification or shelving scheme Damaged status Not for loan Home library Current library Date acquired Source of acquisition Inventory number Total Checkouts Full call number Barcode Date last seen Price effective from Koha item type
    Dewey Decimal Classification     MUST Main Library MUST Main Library 11/05/2016   03/19529   574.19CYT 1999. 2016-1760 11/05/2016 11/05/2016 Short Loan
    Dewey Decimal Classification     MUST Main Library MUST Main Library 11/05/2016   03/19530   574.19CYT 1999. 2016-1761 11/05/2016 11/05/2016 Short Loan
    Dewey Decimal Classification     MUST Main Library MUST Main Library 13/02/2020 Purchase 2004/21621   574.19CYT 1999. 2020-0471 13/02/2020 13/02/2020 Open Shelf
    Dewey Decimal Classification     MUST Main Library MUST Main Library 20/09/2021 Purchase 04/21622   574CYT1995 2021-1166 20/09/2021 20/09/2021 Open Shelf